000 01084nas a2200361 4500
001 BR0701332
003 BR-BrBNA
005 20231205110640.0
007 ta
008 230509b bl.|||p| |||| 00| 00por d
040 _aBR-BrBNA
_bpor
_cBiblioteca Nacional de Agricultura
041 _a(Pt)
072 _aF70
100 1 _aSeger, C.D.
100 1 _aDlugosz, F.L.
100 1 _aKurasz, G.
100 1 _aMartinez, D.T.
100 1 _aRonconi, E.
100 1 _aMelo, L.A.N. de
100 1 _aBittencourt, S.M. de
100 1 _aBrand, M.A.
100 1 _aCarniatto, I.
100 1 _aGalvão, F.
100 1 _aRoderjan, C.V.
245 1 _aLevantamento florístico e análise fitossociológica de um remanescente de floresta ombrófila mista localizado no município de Pinhais, Paraná, Brasil
650 _aFLORA
650 _aFLORESTA
650 _aPRODUÇÃO FLORESTAL
650 _aPARANÁ
773 0 _tFloresta (Brazil)
_xISSN 0015-3826
_g(May-Aug 2005), v. 35(2) p. 291-302
_wBR0701332
909 _a202311
_bLúcia
_c55
_dLúcia Elande
942 _2AGRIS
_n0
_cANA
999 _c188358
_d188358